01642cam a22003497i 4500001001600000003000900016005001700025007000300042008004100045020003100086040002100117041001300138072005200151072006800203100004100271245010400312246001500416264002700431300003600458490001500494500004500509500003400554500004300588520041200631653011701043655001501160700003901175700003401214910001101248952001601259999001701275001070005577146CZ PrSKC20260428124536.0ta220309s2022 xr a b 6 000 1 cze d a9788076791091c249.00 Kč aABG001bczeerda1 aczehjpn 7a741.52xKomiksy. Komiksové adaptace2Konspekt 7a821-93xLiteratura pro děti a mládež (beletrie)2Konspekt1 aKusaka, Hidenori,d1970-4aut91797010aPokémon :bRed a Blue /cscénář Hidenori Kusaka ; kresba Mato ; překlad: Matyáš Anton33aRed a Blue 1aV Praze :bCrew,c2022 a209 stran :bilustrace ;c19 cm1 aCrew manga aTištěno zprava doleva ve stylu manga aPřeloženo z japonštiny? aNa hřbetu a obálce označení: 72 aKomiksový příběh inspirovaný slavným světem Pokémonů a slavnou videohrou.bZápasy na Šarlatovém ostrově vrcholí! Zatímco se na bojišti zničehonic objevuje zmizelý Red, Yellow s Blainem, které strhla voda do hlubin ostrova, konečně naráží na vůdce Elitní čtyřky, Lance. A zápasy na sebe nenechají dlouho čekat! Nakladatelská anotace. Kráceno.0 ajaponská tvorbaafantasyamangaapříběhy pro dětiapočítačové hryaPokémoniazápasyabitvy 4acomics9930 aMatoc(ilustrátorka)4ill9179711 aAnton, Matyáš4trl917972 aABG508 102udc400 c34232d34232